Statistics for UFC Fighters

Click here to take the quiz!

General Stats

  • This quiz has been taken 2,875 times
  • The average score is 8 of 18

Answer Stats

HintAnswer% Correct
Youngest champion in UFC historyJon Jones
92%
Tore ACL midfight and still defeated HollowayConor McGregor
65%
Most dominant WW in UFC historyGeorges St. Pierre
63%
First UFC Women's Bantamweight ChampionRonda Rousey
60%
Don't be scared homieNick Diaz
54%
Champion, Deadly Leg KicksJose Aldo
50%
Spectacular Off-The-Cage KickAnthony Pettis
49%
Knocked out the Middleweight KingChris Weidman
47%
Pushed Bones to the brinkAlexander Gustaffson
45%
"Gangster out of West Linn Oregon"Chael Sonnen
42%
Alpha Male LeaderUrijah Faber
40%
Considered most dangerous when his hands are downAnderson Silva
37%
Only man to defeat Cain VelasquezJunior Dos Santos
36%
Beat up a barista then a UFC legend before earning a title shotDaniel Cormier
31%
The Karate KidLyoto Machida
28%
"Brown Pride"Cain Velasquez
19%
No longer a champion but did not lose his title in the OctagonDominick Cruz
18%
Only fighter to score 2 straight fifth round KOsTJ Dillashaw
12%

Score Distribution

Percentile by Number Answered

Percent of People with Each Score

Your Score History

You have not taken this quiz